00811cam a22002177a 4500003000500000005001700005008004100022010001000063011001000073035001000083040000900093100003200102245014100134260004100275300001000316502011600326650004500442650004100487650004300528650002200571CHAP20220329142044.0990503d1998 mx r 00110 spa d a77722 a78694 a88711 cCHAP00aHernández Vergara, Jaime.10aAnálisis de oferta - demanda de información del sector agropecuario y forestal del estado de Chiapasc/por Jaime Hernández Vergara aChapingo, Méx. :bEl autor,c1998. a51 h. aTesis (Ing. Forestal con Orientación en Economía y Ordenación) -- UACH. División de Ciencias Forestales14aAgriculturaxServicios de información.14aBosquesxServicios de información.14aGanaderiaxServicios de Información.14aOferta y demanda.